SENI DALAM PEPERANGAN / (Record no. 203892)

MARC details
000 -LEADER
fixed length control field 00843nam a2200253 i 4500
005 - DATE AND TIME OF LATEST TRANSACTION
control field 20260416153917.0
008 - FIXED-LENGTH DATA ELEMENTS--GENERAL INFORMATION
fixed length control field 260416s2025 my gr 000 0 may d
020 ## - INTERNATIONAL STANDARD BOOK NUMBER
International Standard Book Number 9786299506010
Terms of availability RM25.00
Qualifying information paperback
040 ## - CATALOGING SOURCE
Original cataloging agency PPAK
Language of cataloging eng
Transcribing agency PPAK
Description conventions rda
082 04 - DEWEY DECIMAL CLASSIFICATION NUMBER
Classification number 355.02
Edition number 23
090 00 - LOCALLY ASSIGNED LC-TYPE CALL NUMBER (OCLC); LOCAL CALL NUMBER (RLIN)
Classification number (OCLC) (R) ; Classification number, CALL (RLIN) (NR) 355.02
Feature heading SUN
Feature heading G
100 1# - MAIN ENTRY--PERSONAL NAME
Personal name Sun, Tzu,
Relator term author.
245 10 - TITLE STATEMENT
Title SENI DALAM PEPERANGAN /
Statement of responsibility, etc. ART OF WAR OLEH SUN TZU
264 #1 - PRODUCTION, PUBLICATION, DISTRIBUTION, MANUFACTURE, AND COPYRIGHT NOTICE
Place of production, publication, distribution, manufacture Brickfields, Kuala Lumpur :
Name of producer, publisher, distributor, manufacturer Prestasi Media,
Date of production, publication, distribution, manufacture, or copyright notice [2025?]
300 ## - PHYSICAL DESCRIPTION
Extent 93 pages ;
Dimensions 21 cm
336 ## - CONTENT TYPE
Content type term text
Source rdacontent
337 ## - MEDIA TYPE
Media type term unmediated
Source rdamedia
338 ## - CARRIER TYPE
Carrier type term volume
Source rdacarrier
650 10 - SUBJECT ADDED ENTRY--TOPICAL TERM
Topical term or geographic name entry element Military art and science
Form subdivision Early works to 1800
Topical term or geographic name entry element Strategy
Form subdivision Early works to 1800
Topical term or geographic name entry element Management
Form subdivision Early works to 1800
Topical term or geographic name entry element Leadership
Form subdivision Early works to 1800
942 ## - ADDED ENTRY ELEMENTS (KOHA)
Source of classification or shelving scheme Dewey Decimal Classification
Koha item type Book
Holdings
Withdrawn Not for loan Current library Shelving location Date acquired Total Checkouts Full call number Barcode Date last seen Koha item type
    Perpustakaan Alor Setar Pinjaman Dewasa 20/04/2026   355.02 SUN A01904843 20/04/2026 Book
    Perpustakaan Awam Sungai Petani Pinjaman Dewasa 20/04/2026   355.02 SUN A01904844 20/04/2026 Book
    Perpustakaan Baling Pinjaman Dewasa 20/04/2026   355.02 SUN A01904848 20/04/2026 Book
    Perpustakaan Bandar Baharu Pinjaman Dewasa 20/04/2026   355.02 SUN A01904849 20/04/2026 Book
    Perpustakaan Jitra Pinjaman Dewasa 20/04/2026   355.02 SUN A01904845 20/04/2026 Book
    Perpustakaan Kuala Nerang Pinjaman Dewasa 20/04/2026   355.02 SUN A01904853 20/04/2026 Book
    Perpustakaan Kulim Pinjaman Dewasa 20/04/2026   355.02 SUN A01904847 20/04/2026 Book
    Perpustakaan Langkawi Pinjaman Dewasa 20/04/2026   355.02 SUN A01904846 20/04/2026 Book
    Perpustakaan Merbok Pinjaman Dewasa 20/04/2026   355.02 SUN A01904850 20/04/2026 Book
    Perpustakaan Pendang Pinjaman Dewasa 20/04/2026   355.02 SUN A01904854 20/04/2026 Book
    Perpustakaan Sik Pinjaman Dewasa 20/04/2026   355.02 SUN A01904852 20/04/2026 Book
    Perpustakaan Yan Pinjaman Dewasa 20/04/2026   355.02 SUN A01904851 20/04/2026 Book